| 000 | 00413nam a2200157Ia 4500 | ||
|---|---|---|---|
| 008 | 210210b1988 xxu||||| |||| 00| 0 eng d | ||
| 020 | _a81 85095 84 1 | ||
| 082 | _a530 BERT | ||
| 100 | _aBERNSTEIN (Jeremy). | ||
| 245 | _aThree degrees above zero. | ||
| 260 |
_aND _bAffiliated East-West Prees Pvt. Ltd. _c1988 |
||
| 300 | _a241 | ||
| 650 | _aBits solid state teephoney | ||
| 690 | _aPhysics | ||
| 906 | _a041926 | ||
| 999 |
_c91947 _d91947 |
||